From envisioning to designing e-development <the> experience of Sri Lanka

Na minha lista:
Detalhes bibliográficos
Autor principal: Hanna, Nagy K.
Formato: Livro
Idioma:inglês
Publicado em: Washington, D.C. <The> World Bank 2007
Colecção:Directions in development
Assuntos:
Tags: Adicionar Tag
Sem tags, seja o primeiro a adicionar uma tag!

MARC

LEADER 00000nam$a2200000$$$4500
001 0054630
005 20240315115312.8
020 |a 0-8213-6866-4 
041 0 |a eng 
044 |a US 
245 1 0 |a From envisioning to designing e-development  |b <the> experience of Sri Lanka  |c Nagy K. Hanna 
264 1 |a Washington, D.C.  |b <The> World Bank  |c 2007 
300 |a 222 s. 
490 1 |a Directions in development 
830 0 |a Directions in development 
610 2 0 |a krajiny rozvojové 
610 2 0 |a technológie informačné 
610 2 0 |a technológie komunikačné 
610 2 0 |a elektronizácia 
610 2 0 |a programy rozvojové 
610 2 0 |a zdroje ľudské 
610 2 0 |a služby 
610 2 0 |a priemysel informačný 
610 2 0 |a softvér 
610 2 0 |a reformy 
610 2 0 |a redukcia chudoby 
610 2 0 |a využitie počítačov 
610 2 0 |a vzdelávanie 
610 2 0 |a telekomunikácie 
610 2 0 |a pomoc medzinárodná 
610 2 0 |a financovanie 
610 2 0 |a Srí Lanka 
100 1 |a Hanna, Nagy K.